LEADER 01263nam2-2200409---450- 001 990003078160203316 005 20080310171316.0 010 $a978-88-04-47410-4 035 $a000307816 035 $aUSA01000307816 035 $a(ALEPH)000307816USA01 035 $a000307816 100 $a20080310d2007----km-y0itay50------ba 101 $aita 102 $aIT 105 $a||||||||001yy 200 1 $a<<2.>> : Cantata dei giorni pari. 1$fEduardo De Filippo$gedizione critica e commentata a cura di Nicola De Blasi e Paola Quarenghi 210 $aMilano$cA. Mondadori$d2007 215 $aCI, 1626 p.$d18 cm. 225 2 $a<> meridiani 300 $aIn custodia 410 0$1001000287076$a<> meridiani 454 1$12001 461 1$1001000303847$12001$aTeatro 676 $a852.914 700 1$aDE FILIPPO,$bEduardo$0167993 702 1$aDE BLASI,$bNicola$f<1955- > 702 1$aQUARENGHI,$bPaola 801 0$aIT$bsalbc$gISBD 912 $a990003078160203316 951 $aVI.3. Coll. 12/ 95/2$b204216 L.M.$cVI.3. Coll.$d00066654 959 $aBK 969 $aUMA 979 $aSENATORE$b90$c20080310$lUSA01$h1712 979 $aSENATORE$b90$c20080310$lUSA01$h1713 996 $aCantata dei giorni pari. 1$91023823 997 $aUNISA LEADER 01003nam0 22002411i 450 001 990005292540403321 005 20240130122732.0 035 $a000529254 100 $a19990604f---0---9km-y0itay50------ba 101 0 $aita 105 $af-------00--- 200 1 $a<>scavi di Karmiró Blur in Armenia e il problema delle connessioni tra l'Urartu, la Grecia e l'Etruria$fMassimo Pallottino 210 $aSancasciano Val di Pesa$cOff. Graf. F.lli Stianti$ds.d. 215 $aP. 110-123, 8 tav.$d25 cm 300 $aEstratto dalla Rivista Archeologia Classica, Vol. VII, fasc. 2 . Esiste un secondo esemplare con stessa collocazione e inventario 700 1$aPallottino,$bMassimo$f<1909-1995>$06753 801 0$aIT$bUNINA$gRICA$2UNIMARC 901 $aBK 912 $a990005292540403321 952 $aARCH. BM MISC. 112 (15)$bARCH. 14552$fFLFBC 959 $aFLFBC 996 $aScavi di Karmiró Blur in Armenia e il problema delle connessioni tra l'Urartu, la Grecia e l'Etruria$91506606 997 $aUNINA